000 00298nam a2200109Ia 4500
008 210430s9999 xx 000 0 und d
082 _a355.33041 N53211W
100 _aMaj. Gen. Aubrey USA
_954653
245 _aWhat Are Generals Made of ?
_cMaj. Gen. Aubrey USA
300 _a314
942 _cBK
_2ddc
999 _c565293
_d565293